| 000 | 00640cam a22002293a 4500 | ||
|---|---|---|---|
| 001 | 14205 | ||
| 003 | PGUSA | ||
| 005 | 20140828083314.0 | ||
| 008 | 041129s2004||||xxu|||||s|||||000 | eng d | ||
| 040 |
_aPGUSA _beng |
||
| 042 | _adc | ||
| 050 | 4 | _aPL | |
| 100 | 1 |
_aFrancisco, G. B. _q(Gabriel Beato) |
|
| 245 | 1 | 0 |
_aAng Katipunan _h[electronic resource] / _cG. B. Francisco |
| 260 |
_bProject Gutenberg, _c2004 |
||
| 506 | _aPublic domain in the USA. | ||
| 516 | _aElectronic text | ||
| 653 | _aKatipunan (Philippines) -- Drama | ||
| 830 | 0 |
_aProject Gutenberg _v14205 |
|
| 856 | 4 | 0 | _uhttp://www.gutenberg.org/ebooks/14205 |
| 942 | _cEB | ||
| 999 |
_c243460 _d243460 |
||